000 00436nam a2200181Ia 4500
003 0100
008 130227s9999 xx 000 0 und d
040 _cARRUPELIB
050 _aBL51.I66
245 3 _aAn introductory reader in the philosophy of religion
260 _aLondon
260 _bSPCK
260 _C1979
300 _a235p.
300 _b 23 cm
700 _aChurchill, James ; Jones, David V. (ed.)
942 _2lcc
_01
999 _c1342
_d1342